Divinités de la mythologie grecque - Statistiques

Statistiques générales
  • Ce quiz a été pris 2 466 fois
  • Le résultat moyen est 13 sur 16
Statistiques - réponses
Rôles/Attributs Divinités % Correct
Mer Poséidon
99%
Enfers Hadès
98%
Sagesse Athéna
96%
Ciel Zeus
95%
Guerre Arès
94%
Messagers Hermès
94%
Beauté Aphrodite
93%
Chasse Artémis
89%
Forge Héphaïstos
89%
Mariage Héra
89%
Musique Apollon
88%
Agriculture Déméter
83%
Foyer Hestia
73%
Perséphone
73%
Médecine Asclépios
47%
Amphitrite
21%
Aucun quiz correspondant
Distribution des résultats
% des personnes avec chaque résultat
Percentile par nombre de réponses
Votre historique - résultats
Vous n’avez pas pris ce quiz